|
|
|
|
| LEADER |
00000nam2a2200000 4500 |
| 001 |
81794 |
| 005 |
20231031095337.0 |
| 035 |
|
|
|a (RuTPU)RU\TPU\book\87906
|
| 090 |
|
|
|a 81794
|
| 100 |
|
|
|a 20050923d1951 km y0rusy50 ca
|
| 101 |
0 |
|
|a rus
|
| 102 |
|
|
|a RU
|
| 105 |
|
|
|a y e 001zy
|
| 200 |
0 |
|
|a Т. 2 : В
|
| 210 |
|
|
|d 1951
|
| 215 |
|
|
|a 1393 ст.
|
| 320 |
|
|
|a Алф. указ.толкуемых слов: ст. 1356-1393
|
| 461 |
|
1 |
|0 (RuTPU)RU\TPU\book\87898
|t Словарь современного русского литературного языка
|o [в 17 т.]
|f Академия наук СССР. Институт русского языка
|v Т. 2 : В
|d 1948-1965
|
| 610 |
1 |
|
|a русский язык
|
| 610 |
1 |
|
|a лексика
|
| 610 |
1 |
|
|a толковые словари
|
| 610 |
1 |
|
|a нормативные словари
|
| 686 |
|
|
|a Ш141.2
|v LBC/SL-A
|2 rubbk
|
| 801 |
|
1 |
|a RU
|b 63413507
|c 20050923
|g PSBO
|
| 801 |
|
2 |
|a RU
|b 63413507
|c 20120711
|g PSBO
|
| 942 |
|
|
|c BK
|